000 00574cam a22002051 4500
001 sa 66008079
003 DLC
005 20260227112310.0
008 970405s1964 io a 000 1 ind
010 _asa 66008079
035 _a(OCoLC)36682959
040 _aDLC
_cWU
_dDLC
042 _apremarc
050 0 0 _aPZ90.I5
_bM33 1964
100 1 _aMarjono.
245 1 0 _aTiti dan Toto;
_bbatjaan anak² umur 8-10 th.
_cGambar kulit dan gambar dalam oleh Wied Suroso.
250 _aTjet. 2.
260 _aDjakarta,
_bBalai Pustaka,
_c1964.
300 _a104 p.
_billus.
_c16 cm.
999 _c71634
_d71634